000
00302nam a22001337a 4500
008
170215b xxu||||| |||| 00| 0 eng d
020
_a
9781401881245
041
_a
eng
080
_2
3rd
_a
61
100
_a
4
101
_a
shm
245
_a
COMPREHENSIVE MEDICAL ASSISTING
_c
LINDH, W.Q
942
_2
udc
_c
BK
999
_c
5498
_d
5498